000 00744nam a2200289Ia 4500
008 220204s9999 xx 000 0 und d
082 _a581.14
_bGAL
100 _aDAVIES, Peter J
245 0 _aControl mechanisms in plant development
260 _aNew Jersey
_bPrentice Hall
_c1970
490 _aFoundations of developmental biology series
650 _aAbscisic acid
650 _aAuxin
650 _aBiochemistry
650 _aCytokinin
650 _aEthylene
650 _aFlowering
650 _aGibberellin
650 _aLeaf abscission
650 _aPhotoperiodism
650 _aPhytochrome
650 _aSeed dormancy
650 _aSenescence
650 _aTropism
700 _aGALSTON, Arthur W
942 _cBK
999 _c25567
_d25567